study on land dispute resolution process at knang kroper lech and knang kroper kert village tromoung commune memot district tbong kmom province ការសិក្សារពីការដោះស្រាយវិវាទដីធ្លីនៅភូមិស្នងក្រពើលិច​និង​ ភូមិខ្នងក្រពើកើត ឃុំត្រមូង ស្រុកមេមុត ខេត្តក្បូងឃ្មុំ (Record no. 18129)

000 -LEADER
fixed length control field 00839nam a22001337a 4500
040 ## - CATALOGING SOURCE
Transcribing agency RUA
082 ## - DEWEY DECIMAL CLASSIFICATION NUMBER
Classification number LMA YIM 2017 B640 Or.1
100 ## - MAIN ENTRY--AUTHOR NAME
Personal name YIM KAKVEI យឹក កវី
245 ## - TITLE STATEMENT
Title study on land dispute resolution process at knang kroper lech and knang kroper kert village tromoung commune memot district tbong kmom province ការសិក្សារពីការដោះស្រាយវិវាទដីធ្លីនៅភូមិស្នងក្រពើលិច​និង​ ភូមិខ្នងក្រពើកើត ឃុំត្រមូង ស្រុកមេមុត ខេត្តក្បូងឃ្មុំ
260 ## - PUBLICATION, DISTRIBUTION, ETC. (IMPRINT)
Place of publication RUA
Name of publisher Phnom penh
Year of publication 2017
300 ## - PHYSICAL DESCRIPTION
Number of Pages ix;31p
Other physical details ill;
Dimensions 29cm
856 ## - ELECTRONIC LOCATION AND ACCESS
Uniform Resource Identifier https://drive.google.com/file/d/1XmDg0E7vwB3gUoCn369MUvpY9piF_roa/view?usp=sharing
942 ## - ADDED ENTRY ELEMENTS (KOHA)
Koha item type LMA
952 ## - LOCATION AND ITEM INFORMATION (KOHA)
Withdrawn status [LOCAL, KOHA] 0
952 ## - LOCATION AND ITEM INFORMATION (KOHA)
Withdrawn status [LOCAL, KOHA] 0
952 ## - LOCATION AND ITEM INFORMATION (KOHA)
Withdrawn status [LOCAL, KOHA] 0
952 ## - LOCATION AND ITEM INFORMATION (KOHA)
Withdrawn status [LOCAL, KOHA] 0
952 ## - LOCATION AND ITEM INFORMATION (KOHA)
Withdrawn status [LOCAL, KOHA] 0
952 ## - LOCATION AND ITEM INFORMATION (KOHA)
Withdrawn status [LOCAL, KOHA] 0
Holdings
Permanent Location Date acquired Koha item type Lost status Shelving location Barcode Current Location Full call number
Library Block B2019-08-06LMA B640A40450Library Block BLMA YIM 2017 B640 Or.1
Library Block B2019-08-06LMA B640A40543Library Block BLMA YIM 2017 B640 Or.2
Library Block B2019-08-06LMA B640A40065Library Block BLMA YIM 2017 B640 Or.3
Library Block B2019-08-06LMA B640A42812Library Block BLMA YIM 2017 B640 Or.4
Library Block B2019-08-06LMA B640A39878Library Block BLMA YIM 2017 B640 Or.5
Library Block B2019-08-06LMA B640A40140Library Block BLMA YIM 2017 B640 Or.6
មជ្ឈមណ្ឌលឯការនៃសាកលវិទ្យាល័យភូមិន្ទកសិកម្មចំការដូង

Powered by Koha